000 00657nam a2200217 a 4500
001 000010991
005 20240412074222.0
008 091013s2004 dr 000 0 spa d
040 _aDO-SdBNP
_bspa
_cBNPHU
082 _aRD861.44
_bV335m
100 1 _aVásquez, Natividad
_926407
245 1 0 _aMi laberinto /
_cNatividad Vásquez.
260 _a[Santo Domingo] :
_bEdiciones Caribe Soy,
_c2004.
300 _a85 p. ;
_c22 cm.
490 1 _aCaribe Soy
_v7
590 _aInventariado, 2019/LP
650 0 _aPoesía dominicana
_966
650 0 _aLiteratura dominicana.
_967
830 0 _aCaribe Soy
_v7
_926408
910 _aValidado. Control de calidad BNPHU
999 _c10729
_d10729